<?xml version="1.0" encoding="UTF-8"?>
<record
    xmlns:xsi="http://www.w3.org/2001/XMLSchema-instance"
    xsi:schemaLocation="http://www.loc.gov/MARC21/slim http://www.loc.gov/standards/marcxml/schema/MARC21slim.xsd"
    xmlns="http://www.loc.gov/MARC21/slim">

  <leader>00684nam a22002057a 4500</leader>
  <controlfield tag="003">SEM</controlfield>
  <controlfield tag="005">20250211114032.0</controlfield>
  <controlfield tag="008">231214s        ai ||||gr||||||01|0|arm|d</controlfield>
  <datafield tag="040" ind1=" " ind2=" ">
    <subfield code="a">SEM</subfield>
    <subfield code="c">SEM</subfield>
  </datafield>
  <datafield tag="041" ind1=" " ind2=" ">
    <subfield code="a">arm</subfield>
  </datafield>
  <datafield tag="080" ind1=" " ind2=" ">
    <subfield code="a">947.925.523/&#x540;-60</subfield>
  </datafield>
  <datafield tag="245" ind1=" " ind2=" ">
    <subfield code="a">&#x540;&#x56B;&#x577;&#x578;&#x582;&#x574; &#x565;&#x574; &#x587; &#x57A;&#x561;&#x570;&#x561;&#x576;&#x57B;&#x578;&#x582;&#x574; : </subfield>
    <subfield code="b">&#x540;&#x561;&#x575;&#x578;&#x581; &#x551;&#x565;&#x572;&#x561;&#x57D;&#x57A;&#x561;&#x576;&#x578;&#x582;&#x569;&#x575;&#x561;&#x576; 100-&#x580;&#x564; &#x57F;&#x561;&#x580;&#x565;&#x56C;&#x56B;&#x581; /</subfield>
  </datafield>
  <datafield tag="260" ind1=" " ind2=" ">
    <subfield code="a">[&#x535;&#x580;&#x587;&#x561;&#x576;] :</subfield>
    <subfield code="b">&#xAB;&#x546;&#x575;&#x578;&#x582;&#x574;&#x565;&#x563;&#xBB;,</subfield>
    <subfield code="c">&#x561;. &#x569;.</subfield>
  </datafield>
  <datafield tag="300" ind1=" " ind2=" ">
    <subfield code="a">&#x540;&#x561;&#x57F;&#x578;&#x580; ;</subfield>
    <subfield code="c">27 &#x57D;&#x574;</subfield>
  </datafield>
  <datafield tag="505" ind1=" " ind2=" ">
    <subfield code="a">&#x569;&#x578;&#x572;&#x561;&#x580;&#x56F;&#x578;&#x582;&#x574; 1 -</subfield>
    <subfield code="g">&#x561;. &#x569;.-64 &#x567;&#x57B;
</subfield>
  </datafield>
  <datafield tag="505" ind1=" " ind2=" ">
    <subfield code="a">&#x569;&#x578;&#x572;&#x561;&#x580;&#x56F;&#x578;&#x582;&#x574; 3 -</subfield>
    <subfield code="g">&#x561;. &#x569;.-100 &#x567;&#x57B;

</subfield>
  </datafield>
  <datafield tag="650" ind1=" " ind2=" ">
    <subfield code="a">&#x540;&#x561;&#x575;&#x578;&#x581; &#x581;&#x565;&#x572;&#x561;&#x57D;&#x57A;&#x561;&#x576;&#x578;&#x582;&#x569;&#x575;&#x578;&#x582;&#x576;</subfield>
  </datafield>
  <datafield tag="653" ind1=" " ind2=" ">
    <subfield code="a">&#x54D;&#x537;&#x544;</subfield>
  </datafield>
  <datafield tag="942" ind1=" " ind2=" ">
    <subfield code="2">udc</subfield>
    <subfield code="c">BK</subfield>
    <subfield code="n">0</subfield>
  </datafield>
  <datafield tag="999" ind1=" " ind2=" ">
    <subfield code="c">74467</subfield>
    <subfield code="d">74467</subfield>
  </datafield>
  <datafield tag="952" ind1=" " ind2=" ">
    <subfield code="0">0</subfield>
    <subfield code="1">0</subfield>
    <subfield code="2">udc</subfield>
    <subfield code="4">0</subfield>
    <subfield code="7">0</subfield>
    <subfield code="8">&#x533;&#x580;&#x561;&#x57A;&#x561;&#x570;&#x578;&#x581;</subfield>
    <subfield code="a">SEM</subfield>
    <subfield code="b">SEM</subfield>
    <subfield code="d">2023-12-14</subfield>
    <subfield code="h">&#x569;&#x578;&#x572;&#x561;&#x580;&#x56F;&#x578;&#x582;&#x574; 1</subfield>
    <subfield code="i">35308</subfield>
    <subfield code="l">0</subfield>
    <subfield code="o">947.925.523/&#x540;-60</subfield>
    <subfield code="p">35308</subfield>
    <subfield code="r">2023-12-14</subfield>
    <subfield code="w">2023-12-14</subfield>
    <subfield code="y">BK</subfield>
    <subfield code="z">&#x54D;&#x57A;&#x561;&#x57D;&#x561;&#x580;&#x56F;&#x57E;&#x578;&#x582;&#x574; &#x567; &#x568;&#x576;&#x569;&#x565;&#x580;&#x581;&#x561;&#x57D;&#x580;&#x561;&#x570;</subfield>
  </datafield>
  <datafield tag="952" ind1=" " ind2=" ">
    <subfield code="0">0</subfield>
    <subfield code="1">0</subfield>
    <subfield code="2">udc</subfield>
    <subfield code="4">0</subfield>
    <subfield code="7">0</subfield>
    <subfield code="8">&#x533;&#x580;&#x561;&#x57A;&#x561;&#x570;&#x578;&#x581;</subfield>
    <subfield code="a">SEM</subfield>
    <subfield code="b">SEM</subfield>
    <subfield code="d">2023-12-14</subfield>
    <subfield code="h">&#x569;&#x578;&#x572;&#x561;&#x580;&#x56F;&#x578;&#x582;&#x574; 3</subfield>
    <subfield code="i">35309</subfield>
    <subfield code="l">0</subfield>
    <subfield code="o">947.925.523/&#x540;-60</subfield>
    <subfield code="p">35309</subfield>
    <subfield code="r">2023-12-14</subfield>
    <subfield code="w">2023-12-14</subfield>
    <subfield code="y">BK</subfield>
    <subfield code="z">&#x54D;&#x57A;&#x561;&#x57D;&#x561;&#x580;&#x56F;&#x57E;&#x578;&#x582;&#x574; &#x567; &#x568;&#x576;&#x569;&#x565;&#x580;&#x581;&#x561;&#x57D;&#x580;&#x561;&#x570;</subfield>
  </datafield>
  <datafield tag="952" ind1=" " ind2=" ">
    <subfield code="0">0</subfield>
    <subfield code="1">0</subfield>
    <subfield code="2">udc</subfield>
    <subfield code="4">0</subfield>
    <subfield code="7">0</subfield>
    <subfield code="8">&#x533;&#x580;&#x561;&#x57A;&#x561;&#x570;&#x578;&#x581;</subfield>
    <subfield code="a">SEM</subfield>
    <subfield code="b">SEM</subfield>
    <subfield code="d">2023-12-14</subfield>
    <subfield code="h">&#x569;&#x578;&#x572;&#x561;&#x580;&#x56F;&#x578;&#x582;&#x574; 3</subfield>
    <subfield code="i">35310</subfield>
    <subfield code="l">0</subfield>
    <subfield code="o">947.925.523/&#x540;-60</subfield>
    <subfield code="p">35310</subfield>
    <subfield code="r">2023-12-14</subfield>
    <subfield code="w">2023-12-14</subfield>
    <subfield code="y">BK</subfield>
    <subfield code="z">&#x54D;&#x57A;&#x561;&#x57D;&#x561;&#x580;&#x56F;&#x57E;&#x578;&#x582;&#x574; &#x567; 30 &#x585;&#x580;</subfield>
  </datafield>
</record>
